000 00778nam a2200241 4500
001 143774
003 ES-MaACL
005 20250814063230.0
007 t|
008 070214s1981 sp r ||||1| spa d
100 1 _aSevylla de Juana, Pedro,
_d1946-
_9105937
245 1 0 _aMil versos de amor a Aipa /
_cPedro Sevilla de Juana.
260 _aMadrid :
_b[s. n.],
_c1981 (
_fGráf. Lucentum)
300 _a61 p. ;
_c22 cm.
490 1 _aGris y Pardo. Serie Poemas ;
_v4
650 7 _9148763
_aLiteratura española
_yS.XX
650 4 _916177
_aPoesía española
_yS.XX
655 7 _aPoesías
_2tgfbne
_9176539
830 0 _aGris y Pardo. Serie Poemas ;
_v4
_9187281
852 _aES-MaACL
_bR.101607
_cDEPO2
_jL-786
_9148967
942 _2udc
999 _c143774
_d143774